Investigating local governments/ (Record no. 2558)
[ view plain ]
| 000 -LEADER | |
|---|---|
| fixed length control field | 00831nam a22002297a 4500 |
| 003 - CONTROL NUMBER IDENTIFIER | |
| control field | OSt |
| 005 - DATE AND TIME OF LATEST TRANSACTION | |
| control field | 20160517175332.0 |
| 008 - FIXED-LENGTH DATA ELEMENTS--GENERAL INFORMATION | |
| fixed length control field | 160517b xxu||||| |||| 00| 0 eng d |
| 020 ## - INTERNATIONAL STANDARD BOOK NUMBER | |
| International Standard Book Number | 971-8686-31-2 |
| 040 ## - CATALOGING SOURCE | |
| Transcribing agency | LIC |
| 082 ## - DEWEY DECIMAL CLASSIFICATION NUMBER | |
| Edition number | 2001 |
| Classification number | DFil 070.44 |
| Item number | In8 |
| 245 ## - TITLE STATEMENT | |
| Title | Investigating local governments/ |
| Statement of responsibility, etc. | edited by Cecile C. A. Balgos. |
| 260 ## - PUBLICATION, DISTRIBUTION, ETC. (IMPRINT) | |
| Place of publication, distribution, etc. | Quezon City: |
| Name of publisher, distributor, etc. | Philippine Center for Investigative Journalism, |
| Date of publication, distribution, etc. | c2001. |
| 300 ## - PHYSICAL DESCRIPTION | |
| Extent | 275 pages: |
| Other physical details | illustrations; |
| Dimensions | 23 cm. |
| 650 #0 - SUBJECT ADDED ENTRY--TOPICAL TERM | |
| 9 (RLIN) | 8453 |
| Topical term or geographic name as entry element | Local government and the press |
| Geographic subdivision | Philippines |
| 650 #0 - SUBJECT ADDED ENTRY--TOPICAL TERM | |
| 9 (RLIN) | 8454 |
| Topical term or geographic name as entry element | Reporters and reporting |
| Geographic subdivision | Philippines |
| 650 #0 - SUBJECT ADDED ENTRY--TOPICAL TERM | |
| 9 (RLIN) | 8455 |
| Topical term or geographic name as entry element | Investigative reporting |
| Geographic subdivision | Philippines |
| 650 #0 - SUBJECT ADDED ENTRY--TOPICAL TERM | |
| 9 (RLIN) | 8456 |
| Topical term or geographic name as entry element | Local government |
| Geographic subdivision | Philippines |
| 650 #0 - SUBJECT ADDED ENTRY--TOPICAL TERM | |
| 9 (RLIN) | 8457 |
| Topical term or geographic name as entry element | Philippines |
| General subdivision | Politics and government |
| 700 ## - ADDED ENTRY--PERSONAL NAME | |
| 9 (RLIN) | 8458 |
| Personal name | Balgos, Cecil C. A. |
| Relator term | editor. |
| 942 ## - ADDED ENTRY ELEMENTS (KOHA) | |
| Source of classification or shelving scheme | Dewey Decimal Classification |
| Koha item type | Filipiniana |
| Withdrawn status | Lost status | Source of classification or shelving scheme | Damaged status | Not for loan | Collection code | Home library | Current library | Date acquired | Source of acquisition | Total Checkouts | Full call number | Barcode | Date last seen | Price effective from | Koha item type |
|---|---|---|---|---|---|---|---|---|---|---|---|---|---|---|---|
| Dewey Decimal Classification | Filipiniana | UM Digos College - LIC | UM Digos College - LIC | 03/24/2004 | Purchased | DFil 070.44 In8 2001 | 16864 | 06/08/2021 | 05/17/2016 | Filipiniana |
